UM Logo

Efficiency over generosity? evidence of electoral accountability from typhoon dayoff in Taiwan / (Record no. 20693)

MARC details
000 -LEADER
fixed length control field 00869nam a22002177a 4500
003 - CONTROL NUMBER IDENTIFIER
control field OSt
005 - DATE AND TIME OF LATEST TRANSACTION
control field 20260211081638.0
008 - FIXED-LENGTH DATA ELEMENTS--GENERAL INFORMATION
fixed length control field 240820b ||||| |||| 00| 0 eng d
040 ## - CATALOGING SOURCE
Transcribing agency 0
082 ## - DEWEY DECIMAL CLASSIFICATION NUMBER
Classification number DPer 320.05 As421 April-December 2020 v. 28 n. 1-3
100 ## - MAIN ENTRY--PERSONAL NAME
Personal name Wang, Austin Horng-En.
Relator term author.
9 (RLIN) 58461
245 ## - TITLE STATEMENT
Title Efficiency over generosity? evidence of electoral accountability from typhoon dayoff in Taiwan /
Statement of responsibility, etc. Austin Horng-En Wang.
260 ## - PUBLICATION, DISTRIBUTION, ETC. (IMPRINT)
Place of publication, distribution, etc. United Kingdom ;
Name of publisher, distributor, etc. Taylor & Francis Group ,
Date of publication, distribution, etc. April 2020.
300 ## - PHYSICAL DESCRIPTION
Extent Volume 28, pages 32-46 :
Other physical details illustration ;
Dimensions 26 cm.
500 ## - GENERAL NOTE
General note Asian Journal of Political Science, vol. 28, no. 1, pages 32-46, April 2020.
650 #0 - SUBJECT ADDED ENTRY--TOPICAL TERM
Topical term or geographic name as entry element Retrospective voting.
9 (RLIN) 67003
650 #0 - SUBJECT ADDED ENTRY--TOPICAL TERM
Topical term or geographic name as entry element Taiwan politics.
9 (RLIN) 67004
650 #0 - SUBJECT ADDED ENTRY--TOPICAL TERM
Topical term or geographic name as entry element Natural disaster.
9 (RLIN) 26315
700 ## - ADDED ENTRY--PERSONAL NAME
Personal name Wang, Austin Horng-En.
Relator term author.
9 (RLIN) 58461
942 ## - ADDED ENTRY ELEMENTS (KOHA)
Source of classification or shelving scheme Dewey Decimal Classification
Koha item type Periodicals
Holdings
Withdrawn status Lost status Source of classification or shelving scheme Damaged status Not for loan Collection code Home library Current library Date acquired Total Checkouts Full call number Date last seen Price effective from Koha item type Public note
    Dewey Decimal Classification     Periodicals UM Digos College - LIC UM Digos College - LIC 08/20/2024   DPer 320.05 As421 April-December 2020 v. 28 n. 1-3 08/20/2024 08/20/2024 Periodicals Periodical Article